| 000 | 00432nam a22001817a 4500 | ||
|---|---|---|---|
| 003 | CEME | ||
| 005 | 20210628203558.0 | ||
| 008 | 210201b xxu||||| |||| 00| 0 eng d | ||
| 020 | _a969-35-0680-4 | ||
| 040 | _c. | ||
| 082 | _a891.4393 MAN | ||
| 100 |
_aSa'adat Hassan Manto _966361 |
||
| 245 | _aMinto daramay | ||
| 260 |
_aLAHORE _bSANG-E-MEEL _c1996 |
||
| 300 | _a830P | ||
| 650 |
_aURDU ADAB-DRAM _966362 |
||
| 942 |
_cBK _2ddc |
||
| 999 |
_c574339 _d574339 |
||